Visualization of Production Data Using Node-Red

Príspevok efektívne rieši kritickú integráciu systémov SCADA v modernej priemyselnej automatizácii, konkrétne sa zameriava na vizualizáciu a riadenie výrobných procesov. Skúmaním aplikácie v reálnom svete – pomocou školskej modelovej výrobnej linky riadenej PLC zariadením a vizualizovanej prostrední...

Descripción completa

Guardado en:
Detalles Bibliográficos
Autor principal: Cigánek, Ján
Otros Autores: Červenka, Dávid
Formato: Capítulo de libro
Lenguaje:inglés
Materias:
Etiquetas: Agregar Etiqueta
Sin Etiquetas, Sea el primero en etiquetar este registro!

MARC

LEADER 00000naa a2200000 4500
001 0308109
005 20250411083727.7
041 0 |a eng 
044 |a SK 
245 1 0 |a Visualization of Production Data Using Node-Red  |c Ján Cigánek, Dávid Červenka 
520 |a Príspevok efektívne rieši kritickú integráciu systémov SCADA v modernej priemyselnej automatizácii, konkrétne sa zameriava na vizualizáciu a riadenie výrobných procesov. Skúmaním aplikácie v reálnom svete – pomocou školskej modelovej výrobnej linky riadenej PLC zariadením a vizualizovanej prostredníctvom platformy Node-RED – tento článok ponúka cenné poznatky o praktickej implementácii takýchto systémov. Navrhovaná práca nielenže zdôrazňuje dôležitosť vizualizácie dát pri zefektívňovaní operácií, ale zároveň podčiarkuje rastúcu potrebu efektívnej kontroly a monitorovania výrobných procesov. 
610 2 0 |a výroba automatizovaná 
610 2 0 |a algoritmy 
610 2 0 |a simulácia 
610 2 0 |a dáta 
100 1 |a Cigánek, Ján 
700 1 |a Červenka, Dávid